Využitie fiškálnej a monetárnej politiky v čase finančnej a hospodárskej krízy v SR

Fiškálna a monetárna politika pôsobia na ekonomiku krajiny rôznymi spôsobmi s cieľom stabilizovať negatívne javy na svetovom trhu. Nástroje na presadzovanie základných ekonomických cieľov štátu. Členstvo Slovenska v EÚ a fiškálna politika SR v čase krízy.

Salvato in:
Dettagli Bibliografici
Autore principale: Lennerová, Ivana, 1979-
Natura: Capitolo di libro
Lingua:slovacco
Soggetti:
Tags: Aggiungi Tag
Nessun Tag, puoi essere il primo ad aggiungerne!!

MARC

LEADER 00000nla$a2200000$$$4500
001 0105637
005 20240502072154.9
041 0 |a slo 
044 |a SK 
245 1 0 |a Využitie fiškálnej a monetárnej politiky v čase finančnej a hospodárskej krízy v SR  |c Ivana Lennerová 
520 |a Fiškálna a monetárna politika pôsobia na ekonomiku krajiny rôznymi spôsobmi s cieľom stabilizovať negatívne javy na svetovom trhu. Nástroje na presadzovanie základných ekonomických cieľov štátu. Členstvo Slovenska v EÚ a fiškálna politika SR v čase krízy. 
610 2 0 |a kríza finančná 
610 2 0 |a Slovensko 
610 2 0 |a kríza hospodárska 
610 2 0 |a Európska únia 
610 2 0 |a politika fiškálna 
610 2 0 |a politika menová 
610 2 0 |a rozpočet štátny 
100 1 |a Lennerová, Ivana, 1979-